00317nam a2200109Ia 4500008004000000082001100040100002200051245002400073260005000097300001400147650004600161210210b1942 xxu||||| |||| 00| 0 eng d a110/56 aGILSON (Etienne). aGod and Philosophy. aLondonbNew Haven Yale University Pressc1942 axviii,147 aGod Greek Philosophy Christian Philosophy